000 00711nam a2200217 i 4500
001 40060
003 ES-MaACL
005 20230914151525.0
007 t|
008 030305s1975 sp ||||1| spa d
100 1 _aCañibano Calvo, Leandro.
_934753
245 1 3 _aLa empresa en la sociedad actual /
_cLeandro Cañibano Calvo, Eduardo Bueno Campos.
260 _a[Madrid] :
_bAsociación para el Progreso de la Dirección,
_c[1975]
300 _a198 p. ;
_c23 cm.
700 1 _aBueno Campos, Eduardo.
_932390
710 2 _aAsociación para el Progreso de la Dirección.
_91775
852 _aES-MaACL
_jE-9135
_bR.93470
852 _aES-MaACL
_jE-9459
_bR.94306
942 _2udc
999 _c40060
_d40060